Catálogo

LOS LIMITES DE LA TIERRA (Registro nro. 6675)

Detalles MARC
000 -LEADER
fixed length control field 00480nam a2200181 a 4500
001 - CONTROL NUMBER
control field 6675
005 - DATE AND TIME OF LATEST TRANSACTION
control field 20180713190541.0
008 - FIXED-LENGTH DATA ELEMENTS--GENERAL INFORMATION
fixed length control field 140415s1956 000 0 spa d
041 ## - LANGUAGE CODE
Language code of text/sound track or separate title spa
082 ## - DEWEY DECIMAL CLASSIFICATION NUMBER
Classification number 301
Item number OSB
100 1# - MAIN ENTRY--PERSONAL NAME
Personal name OSBORN, F.
245 14 - TITLE STATEMENT
Title LOS LIMITES DE LA TIERRA
260 ## - PUBLICATION, DISTRIBUTION, ETC.
Place of publication, distribution, etc. [s.l.] :
Name of publisher, distributor, etc. FONDO DE CULTURA ECONOMICA,
Date of publication, distribution, etc. 1956
300 ## - PHYSICAL DESCRIPTION
Extent 198
490 ## - SERIES STATEMENT
Series statement SECCION DE OBRAS DE SOCIOLOGIA
650 14 - SUBJECT ADDED ENTRY--TOPICAL TERM
Topical term or geographic name entry element SOCIOLOGIA
700 1# - ADDED ENTRY--PERSONAL NAME
Personal name AQUINO, FRANCISCO
Relator term tr.
Existencias
Withdrawn status Lost status Source of classification or shelving scheme Damaged status Not for loan Collection code Home library Current library Shelving location Date acquired Source of acquisition Inventory number Total Checkouts Full call number Barcode Date last seen Price effective from Koha item type
    Dewey Decimal Classification     General Biblioteca Karol Wojtyla Biblioteca Karol Wojtyla Sala general 03/12/2013 Compra 151000000000000000058150   301 OSB 1926 05/01/2026 03/12/2013 Libro